| 000 | 00432pab a2200169 454500 | ||
|---|---|---|---|
| 008 | 180718b2007 xxu||||| |||| 00| 0 eng d | ||
| 100 | _aAthey, Susan | ||
| 245 | _aDesigning efficient mechanisms for dynamic bilateral trading games | ||
| 260 | _c2007 | ||
| 300 | _ap.131-36. | ||
| 362 | _aMay | ||
| 650 | _aBilateral agreements | ||
| 700 | _aSegal, Ilya | ||
| 773 | _aAmerican Economic Review | ||
| 908 | _aN | ||
| 909 | _a74160 | ||
| 999 |
_c74160 _d74160 |
||